| 000 | 00384nab a2200145Ia 4500 | ||
|---|---|---|---|
| 003 | ES-SlBCS | ||
| 005 | 20210601124913.0 | ||
| 008 | 140529s2002 xxu||||| |||| 00| 0 eng d | ||
| 041 | _aeng | ||
| 100 | 1 |
_aLewis, David _9132381 |
|
| 245 | 0 | 0 |
_aTensing the Copula _c David Lewis |
| 650 | 0 | 4 |
_aPaso del Tiempo _9151189 |
| 773 | 0 |
_tMind _gvol. 111, 2002, págs. 1-14 _wRev1408 |
|
| 942 | _cAR | ||
| 999 |
_c521423 _d521423 |
||